[Event "Landesliga Sued 1415"]
[Site "Bayern"]
[Date "2014.11.09"]
[Round "2.4"]
[White "Hantak, Adam"]
[Black "Wiesinger, Robert"]
[Result "1/2-1/2"]
[WhiteElo "2146"]
[BlackElo "2159"]
[PlyCount "37"]
[EventDate "2014.10.19"]
[EventType "team-tourn"]
[EventRounds "9"]
[EventCountry "GER"]
[SourceTitle "EXT 2018"]
[Source "ChessBase"]
[SourceDate "2017.10.13"]
[SourceVersion "1"]
[SourceVersionDate "2017.10.13"]
[SourceQuality "1"]
[WhiteTeam "Muenchen 36"]
[BlackTeam "Weilheim"]
[WhiteTeamCountry "GER"]
[BlackTeamCountry "GER"]

1. d4 Nf6 2. Nf3 e6 3. e3 c5 4. Be2 d5 5. 0-0 b6 6. b3 Be7 7. Bb2 0-0 8. c4 cxd4 9. Nxd4 Bb7 10. Nc3 Nbd7 11. Rc1 Rc8 12. Qd2 Bb4 13. Qd1 Qe7 14. Nc2 Bd6 15. cxd5 Nxd5 16. Nxd5 Bxd5 17. Bf3 Bxf3 18. Qxf3 Ne5 19. Qe2 1/2-1/2

[Event "Munich OIS op 32nd"]
[Site "Munich"]
[Date "2012.10.03"]
[Round "5"]
[White "Jorczik, Julian Marcel"]
[Black "Hantak, Adam"]
[Result "1-0"]
[WhiteElo "2407"]
[BlackElo "2185"]
[PlyCount "61"]
[EventDate "2012.09.29"]
[EventType "swiss"]
[EventRounds "9"]
[EventCountry "GER"]
[SourceTitle "EXT 2013"]
[Source "ChessBase"]
[SourceDate "2012.11.22"]
[SourceVersion "1"]
[SourceVersionDate "2012.11.22"]
[SourceQuality "1"]

1. d4 d6 2. e4 Nf6 3. Nc3 g6 4. g3 Bg7 5. Bg2 0-0 6. Nge2 e5 7. h3 Nc6 8. Be3 exd4 9. Nxd4 Bd7 10. 0-0 Re8 11. Re1 Nxd4 12. Bxd4 Bc6 13. b4 a6 14. a4 Qd7 15. Qd3 b5 16. axb5 axb5 17. Rxa8 Rxa8 18. Nd5 Nxd5 19. exd5 Bb7 20. Bxg7 Kxg7 21. h4 h5 22. Kh2 Kh7 23. Bh3 f5 24. Re6 Re8 25. Bxf5 Rxe6 26. Bxe6 Qe8 27. f4 Bc8 28. f5 Bxe6 29. dxe6 gxf5 30. Qxf5+ Qg6 31. g4 1-0

[Event "NRW Class1 1112"]
[Site "Germany"]
[Date "2012.03.04"]
[Round "7.3"]
[White "Webb, Laurence"]
[Black "Hantak, Adam"]
[Result "0-1"]
[WhiteElo "2253"]
[BlackElo "2180"]
[PlyCount "102"]
[EventDate "2011.09.18"]
[EventType "team-tourn"]
[EventRounds "9"]
[EventCountry "GER"]
[SourceTitle "EXT 2015"]
[Source "ChessBase"]
[SourceDate "2014.11.20"]
[SourceVersion "1"]
[SourceVersionDate "2014.11.20"]
[SourceQuality "1"]
[WhiteTeam "Castrop Rauxel"]
[BlackTeam "Duesseldorf"]
[WhiteTeamCountry "GER"]
[BlackTeamCountry "GER"]

1. e4 d6 2. d4 Nf6 3. Nc3 g6 4. Nf3 Bg7 5. Be3 a6 6. Qd2 b5 7. Bd3 Bb7 8. Bh6 Bxh6 9. Qxh6 b4 10. Ne2 Bxe4 11. Bxe4 Nxe4 12. Qg7 Rf8 13. Ng3 Nf6 14. 0-0-0 Rg8 15. Qh6 c6 16. Ng5 Nbd7 17. Rhe1 Nf8 18. N3e4 Nxe4 19. Rxe4 e6 20. Rde1 Ra7 21. Nf3 g5 22. Qh5 Rg6 23. g4 a5 24. R4e3 a4 25. h4 gxh4 26. Nxh4 Ra5 27. Nf5 Kd7 28. Qh1 exf5 29. gxf5 Rxf5 30. Re7+ Qxe7 31. Rxe7+ Kxe7 32. Qxc6 Rxf2 33. Qe4+ Re6 34. Qh4+ Rff6 35. d5 Re5 36. Qxb4 Rf1+ 37. Kd2 Rf2+ 38. Kd3 Rf3+ 39. Kd2 Rxd5+ 40. Ke2 Rff5 41. Qxa4 Nd7 42. Qh4+ Nf6 43. c4 Rfe5+ 44. Kf1 Rd1+ 45. Kg2 Rd2+ 46. Kf1 Rxb2 47. c5 Rxc5 48. Qe1+ Re5 49. Qc3 Rb1+ 50. Kg2 Re2+ 51. Kf3 Rf2+ 0-1

[Event "Solingen Karneval op"]
[Site "Solingen"]
[Date "2011.03.05"]
[Round "2"]
[White "Hantak, Adam"]
[Black "Hollender, Christoph"]
[Result "1-0"]
[WhiteElo "2198"]
[BlackElo "1832"]
[PlyCount "87"]
[EventDate "2011.03.04"]
[EventType "swiss"]
[EventRounds "5"]
[EventCountry "GER"]
[SourceTitle "EXT 2015"]
[Source "ChessBase"]
[SourceDate "2014.11.20"]
[SourceVersion "1"]
[SourceVersionDate "2014.11.20"]
[SourceQuality "1"]

1. d4 Nf6 2. c4 g6 3. g3 Bg7 4. Bg2 0-0 5. Nc3 d6 6. Nf3 Nbd7 7. 0-0 c5 8. d5 Ng4 9. Qc2 Nge5 10. Nd2 a6 11. h3 f5 12. f4 Nf7 13. a4 Nf6 14. b3 Bd7 15. Bb2 Rb8 16. a5 Qc7 17. Kh2 Rbe8 18. Bf3 Qc8 19. Na4 Bxa4 20. Rxa4 Nh6 21. Raa1 Qc7 22. Bc3 Rb8 23. Rae1 Rf7 24. Bg2 Rbf8 25. e3 Qd8 26. Re2 Qd7 27. Rfe1 Qc7 28. e4 Nxe4 29. Bxe4 fxe4 30. Nxe4 Bf6 31. Nxf6+ exf6 32. g4 Qd7 33. Re6 Qd8 34. R1e2 Qc7 35. Qd2 b5 36. Qe1 bxc4 37. bxc4 Qb8 38. Qh4 Kg7 39. f5 Ng8 40. g5 Qb3 41. fxg6 hxg6 42. Qg3 Qxc4 43. gxf6+ Nxf6 44. Rg2 1-0

[Event "Brno op 1st"]
[Site "Brno"]
[Date "2010.11.16"]
[Round "4"]
[White "Spanton, Timothy"]
[Black "Hantak, Adam"]
[Result "0-1"]
[WhiteElo "2030"]
[BlackElo "2200"]
[PlyCount "52"]
[EventDate "2010.11.14"]
[EventType "swiss"]
[EventRounds "9"]
[EventCountry "CZE"]
[SourceTitle "EXT 2011"]
[Source "ChessBase"]
[SourceDate "2010.11.26"]
[SourceVersion "1"]
[SourceVersionDate "2010.11.26"]
[SourceQuality "1"]

1. c4 Nf6 2. g3 g6 3. Bg2 Bg7 4. Nc3 0-0 5. d4 d6 6. e4 Nc6 7. Nge2 e5 8. d5 Ne7 9. 0-0 Nh5 10. Be3 f5 11. f3 h6 12. c5 g5 13. cxd6 cxd6 14. Rc1 f4 15. Bf2 g4 16. Nb5 b6 17. Nc7 Rb8 18. Qa4 Ng6 19. Qxa7 fxg3 20. Qxb8 gxf2+ 21. Rxf2 Qg5 22. Rcf1 Nhf4 23. Nxf4 Nxf4 24. Qxb6 gxf3 25. h4 Qg3 26. Rc1 Nh3+ 0-1

[Event "Novy Bor op"]
[Site "Novy Bor"]
[Date "2010.02.18"]
[Round "7"]
[White "Hantak, Adam"]
[Black "Szablowski, Pawel"]
[Result "0-1"]
[WhiteElo "2195"]
[BlackElo "2230"]
[PlyCount "79"]
[EventDate "2010.02.13"]
[EventType "swiss"]
[EventRounds "9"]
[EventCountry "CZE"]
[SourceTitle "CBM 134 Extra"]
[Source "ChessBase"]
[SourceDate "2010.03.03"]
[SourceVersion "1"]
[SourceVersionDate "2010.03.03"]
[SourceQuality "1"]

1. d4 c5 2. d5 Nf6 3. c4 a6 4. Nf3 d6 5. Nc3 e5 6. e4 Be7 7. Be2 Nbd7 8. 0-0 0-0 9. Ne1 Ne8 10. Nd3 Bg5 11. f4 exf4 12. Bxf4 Bxf4 13. Rxf4 Qg5 14. Rf3 Ne5 15. Rg3 Qe7 16. Nf2 f5 17. exf5 Bxf5 18. Qd2 Nf6 19. Re1 Rae8 20. Re3 Qf7 21. b3 h6 22. Bf3 Qg6 23. Kh1 Kh8 24. Ne2 Qg5 25. Ng1 Bg4 26. Be4 h5 27. Qc2 h4 28. a3 Bd7 29. Ngh3 Qh6 30. b4 b6 31. bxc5 bxc5 32. Kg1 Rf7 33. Bd3 Nf3+ 34. gxf3 Rxe3 35. Rb1 Rxf3 36. Rb8+ Ng8 37. Bf1 Bxh3 38. Bxh3 Rxf2 39. Qb1 Qf4 40. Bf1 0-1

[Event "Novy Bor op"]
[Site "Novy Bor"]
[Date "2010.02.15"]
[Round "4"]
[White "Hantak, Adam"]
[Black "Malivanek, Jiri"]
[Result "1-0"]
[WhiteElo "2195"]
[BlackElo "2178"]
[PlyCount "47"]
[EventDate "2010.02.13"]
[EventType "swiss"]
[EventRounds "9"]
[EventCountry "CZE"]
[SourceTitle "CBM 134 Extra"]
[Source "ChessBase"]
[SourceDate "2010.03.03"]
[SourceVersion "1"]
[SourceVersionDate "2010.03.03"]
[SourceQuality "1"]

1. e4 e6 2. d3 d5 3. Nd2 Nf6 4. Ngf3 c5 5. g3 Nc6 6. Bg2 Be7 7. 0-0 0-0 8. Re1 b6 9. e5 Nd7 10. Nf1 Re8 11. h4 f6 12. exf6 Nxf6 13. Bf4 Bd6 14. Ne5 Nxe5 15. Bxe5 Bxe5 16. Rxe5 Qd6 17. Qe2 Bd7 18. Re1 Re7 19. c4 Rae8 20. cxd5 Kf7 21. dxe6+ Bxe6 22. Qc2 Rd7 23. Qa4 Qxd3 24. Bc6 1-0

[Event "Marianske Lazne IM-C"]
[Site "Marianske Lazne"]
[Date "2010.01.22"]
[Round "8"]
[White "Steiner, Bruno"]
[Black "Hantak, Adam"]
[Result "0-1"]
[WhiteElo "2180"]
[BlackElo "2195"]
[PlyCount "92"]
[EventDate "2010.01.16"]
[EventType "tourn"]
[EventRounds "9"]
[EventCountry "CZE"]
[EventCategory "2"]
[SourceTitle "CBM 134 Extra"]
[Source "ChessBase"]
[SourceDate "2010.03.03"]
[SourceVersion "1"]
[SourceVersionDate "2010.03.03"]
[SourceQuality "1"]

1. c4 e5 2. g3 Nf6 3. Bg2 Nc6 4. Nc3 Bb4 5. Nd5 0-0 6. Nf3 d6 7. 0-0 h6 8. d3 Be6 9. a3 Bc5 10. b4 Bb6 11. Nd2 Bxd5 12. cxd5 Ne7 13. Qb3 c6 14. dxc6 bxc6 15. Bb2 Rb8 16. Rac1 Qd7 17. Nc4 a5 18. Bxe5 dxe5 19. Nxe5 Qf5 20. Nxc6 Nxc6 21. Bxc6 axb4 22. axb4 Ng4 23. e3 Qh5 24. h4 Nxe3 25. fxe3 Bxe3+ 26. Kh2 Qe2+ 27. Kh3 Bxc1 28. Rxc1 Rfd8 29. Be4 Rdc8 30. Rxc8+ Rxc8 31. b5 h5 32. Qd5 Qg4+ 33. Kh2 Qe2+ 34. Bg2 Qf2 35. Qxh5 Rc5 36. Qg4 Rxb5 37. Qe4 Rb6 38. Kh3 Rg6 39. Qe8+ Kh7 40. Qe5 Re6 41. Be4+ g6 42. Qd5 Qf1+ 43. Kh2 Qe2+ 44. Kh3 Rf6 45. Bg2 Rf5 46. Kh2 Rxd5 0-1

[Event "Marianske Lazne IM-C"]
[Site "Marianske Lazne"]
[Date "2010.01.19"]
[Round "4"]
[White "Hantak, Adam"]
[Black "Kolesar, Milan"]
[Result "1/2-1/2"]
[WhiteElo "2195"]
[BlackElo "2211"]
[PlyCount "49"]
[EventDate "2010.01.16"]
[EventType "tourn"]
[EventRounds "9"]
[EventCountry "CZE"]
[EventCategory "2"]
[SourceTitle "CBM 134 Extra"]
[Source "ChessBase"]
[SourceDate "2010.03.03"]
[SourceVersion "1"]
[SourceVersionDate "2010.03.03"]
[SourceQuality "1"]

1. d4 d5 2. c4 c6 3. Nf3 Nf6 4. e3 a6 5. Bd3 b5 6. b3 Bg4 7. Nbd2 e6 8. 0-0 Be7 9. Qc2 Bh5 10. Bb2 Bg6 11. Ne5 Bxd3 12. Qxd3 0-0 13. f4 g6 14. Rad1 Qb6 15. c5 Qc7 16. a3 Nbd7 17. Qe2 Ne8 18. Ndf3 f5 19. Nxd7 Qxd7 20. Bc3 Nf6 21. Be1 Ne4 22. Ne5 Qc7 23. g4 Bf6 24. Nd3 Bg7 25. Nf2 1/2-1/2

[Event "Belgrade op"]
[Site "Belgrade"]
[Date "2009.12.01"]
[Round "8"]
[White "Bazarov, Konstantin"]
[Black "Hantak, Adam"]
[Result "1-0"]
[WhiteElo "2266"]
[BlackElo "2191"]
[PlyCount "71"]
[EventDate "2009.11.24"]
[EventType "swiss"]
[EventRounds "9"]
[EventCountry "YUG"]
[SourceTitle "CBM 133 Extra"]
[Source "ChessBase"]
[SourceDate "2010.01.05"]
[SourceVersion "1"]
[SourceVersionDate "2010.01.05"]
[SourceQuality "1"]

1. d4 d6 2. e4 Nf6 3. Nc3 g6 4. Be3 c6 5. h3 Nbd7 6. Nf3 Qc7 7. Qd2 b5 8. Bd3 Bb7 9. 0-0 Bg7 10. Rfe1 e5 11. dxe5 dxe5 12. Ne2 0-0 13. Ng3 a5 14. c4 b4 15. c5 Rfd8 16. Qc2 Ba6 17. Bxa6 Rxa6 18. a3 bxa3 19. Rxa3 Nf8 20. Rea1 Ne6 21. Qc4 Rda8 22. b4 h5 23. Qa2 Bf8 24. Nd2 Nd4 25. Bxd4 exd4 26. Qc4 Bg7 27. Rxa5 Rxa5 28. bxa5 h4 29. Ngf1 Nh5 30. a6 Nf4 31. Rb1 Ra7 32. Nf3 Qe7 33. N1d2 d3 34. Kf1 Bh6 35. e5 Nxg2 36. Rb7 1-0

[Event "Belgrade op"]
[Site "Belgrade"]
[Date "2009.11.29"]
[Round "6"]
[White "Ibanez Aullana, Jose Ramon"]
[Black "Hantak, Adam"]
[Result "0-1"]
[WhiteElo "2273"]
[BlackElo "2191"]
[PlyCount "46"]
[EventDate "2009.11.24"]
[EventType "swiss"]
[EventRounds "9"]
[EventCountry "YUG"]
[SourceTitle "CBM 133 Extra"]
[Source "ChessBase"]
[SourceDate "2010.01.05"]
[SourceVersion "1"]
[SourceVersionDate "2010.01.05"]
[SourceQuality "1"]

1. e4 e6 2. d4 d5 3. Nd2 dxe4 4. Nxe4 Nd7 5. Nf3 Ngf6 6. Bd3 Nxe4 7. Bxe4 Nf6 8. Bd3 Be7 9. Qe2 0-0 10. Bg5 c5 11. dxc5 Qa5+ 12. c3 Qxc5 13. Rd1 Rd8 14. Ne5 h6 15. Bh4 Nd7 16. Bxe7 Qxe7 17. 0-0 Rb8 18. Qe4 Nf6 19. Qh4 Bd7 20. Rfe1 Be8 21. Ng4 Nd5 22. Qg3 Qg5 23. Be4 Nf4 0-1

[Event "Belgrade op"]
[Site "Belgrade"]
[Date "2009.11.25"]
[Round "2"]
[White "Sarenac, Ivan"]
[Black "Hantak, Adam"]
[Result "1-0"]
[WhiteElo "2341"]
[BlackElo "2191"]
[PlyCount "77"]
[EventDate "2009.11.24"]
[EventType "swiss"]
[EventRounds "9"]
[EventCountry "YUG"]
[SourceTitle "CBM 133 Extra"]
[Source "ChessBase"]
[SourceDate "2010.01.05"]
[SourceVersion "1"]
[SourceVersionDate "2010.01.05"]
[SourceQuality "1"]

1. e4 d6 2. d4 Nf6 3. Nc3 g6 4. Bg5 Bg7 5. Qd2 h6 6. Bh4 g5 7. Bg3 Nh5 8. 0-0-0 Nc6 9. Qe3 Bd7 10. Nge2 e6 11. h4 a6 12. Bh2 gxh4 13. Bg1 Qe7 14. g4 Nf6 15. f3 0-0-0 16. Bf2 Rde8 17. Bxh4 Qf8 18. Bg2 Ng8 19. Ng3 Rh7 20. Nh5 Bh8 21. e5 f6 22. exd6 Qxd6 23. Bg3 Qb4 24. a3 Qa5 25. Qd3 f5 26. gxf5 exf5 27. Qc4 Nge7 28. Rhe1 f4 29. Nxf4 Qg5 30. Ne4 Qg8 31. d5 Ne5 32. Qb4 Nf5 33. Bf2 Bb5 34. a4 Bd7 35. Nc5 Nd6 36. Nxd7 Nxd7 37. Bh3 Kb8 38. Bxd7 Rxd7 39. Ne6 1-0

[Event "Deizisau op 4th"]
[Site "Deizisau"]
[Date "2009.10.30"]
[Round "3"]
[White "Hantak, Adam"]
[Black "Englmeier, Heinz"]
[Result "1/2-1/2"]
[WhiteElo "2191"]
[BlackElo "2186"]
[PlyCount "72"]
[EventDate "2009.10.29"]
[EventType "swiss"]
[EventRounds "7"]
[EventCountry "GER"]
[SourceTitle "EXT 2010"]
[Source "ChessBase"]
[SourceDate "2010.11.25"]
[SourceVersion "1"]
[SourceVersionDate "2010.11.25"]
[SourceQuality "1"]

1. d4 Nf6 2. c4 e6 3. g3 d5 4. Bg2 dxc4 5. Nf3 a6 6. 0-0 Be7 7. Qc2 b5 8. Ne5 Ra7 9. a4 Bb7 10. e4 Nc6 11. Nxc6 Bxc6 12. axb5 Bxb5 13. Nc3 Rb7 14. d5 e5 15. f4 Bc5+ 16. Kh1 Nd7 17. Qe2 0-0 18. Bh3 Bd4 19. Qh5 Qe7 20. fxe5 Nxe5 21. Bg5 Qd6 22. Bf5 g6 23. Qh6 Nd3 24. Bh3 Bd7 25. e5 Bxe5 26. Ne4 Qxd5 27. Bg2 Bc6 28. Nf6+ Bxf6 29. Bxd5 Bxd5+ 30. Kg1 Bg7 31. Qh4 Rxb2 32. Rfb1 Rg2+ 33. Kf1 Rf2+ 34. Kg1 Rg2+ 35. Kf1 Rf2+ 36. Kg1 Rg2+ 1/2-1/2